[Event "Queens v Kings"]
[Site "Jinan CHN"]
[Date "2002.07.22"]
[Round "3"]
[White "Short,N"]
[Black "Xie Jun"]
[Result "1/2-1/2"]
[WhiteElo "2682"]
[BlackElo "2562"]
[EventDate "2002.07.21"]

1. e4 e5 2. Nf3 Nc6 3. Bb5 a6 4. Ba4 Nf6 5. O-O Be7 6. Re1 b5 7. Bb3 d6 8.
c3 O-O 9. h3 Na5 10. Bc2 c5 11. d4 Qc7 12. Nbd2 cxd4 13. cxd4 Rd8 14. d5
Bd7 15. Nf1 Rdc8 16. Bb1 Nb7 17. Ng3 Nc5 18. Be3 Na4 19. Qd2 Bd8 20. Bd3
Qa5 21. b4 Qc7 22. Rac1 Qb7 23. a3 Rxc1 24. Rxc1 Rc8 25. Ne2 Rxc1+ 26. Nxc1
Qc8 27. Ne2 Nb6 28. Qc2 Kf8 29. Qxc8 Bxc8 30. Nd2 Nfd7 31. Nc3 h6 32. Nb3
Bg5 33. Bxg5 hxg5 34. Na5 Ke8 35. f3 Nf8 36. Kf2 Kd7 37. Ke3 Kc7 38. Bf1
Ng6 39. Kd2 Ne7 40. g4 Ng6 41. Ne2 Bd7 42. Ng3 Nf4 43. Ne2 Ng6 44. Ng3 Nf4
45. Ne2 1/2-1/2